Rusty (Record no. 106048)
[ view plain ]
| 000 -LEADER | |
|---|---|
| fixed length control field | nam a22 7a 4500 |
| 005 - DATE AND TIME OF LATEST TRANSACTION | |
| control field | 20200821122725.0 |
| 008 - FIXED-LENGTH DATA ELEMENTS--GENERAL INFORMATION | |
| fixed length control field | 200625b ||||| |||| 00| 0 eng d |
| 020 ## - INTERNATIONAL STANDARD BOOK NUMBER | |
| International Standard Book Number | 9780143333432 |
| 080 ## - UNIVERSAL DECIMAL CLASSIFICATION NUMBER | |
| Universal Decimal Classification number | F |
| Item number | BON/RB CL |
| 100 ## - MAIN ENTRY--PERSONAL NAME | |
| Personal name | Bond, Ruskin |
| 245 ## - TITLE STATEMENT | |
| Title | Rusty |
| Remainder of title | boy from the hills |
| 260 ## - PUBLICATION, DISTRIBUTION, ETC. (IMPRINT) | |
| Place of publication, distribution, etc | India |
| Name of publisher, distributor, etc | Puffin Books |
| Date of publication, distribution, etc | 2104 |
| 300 ## - PHYSICAL DESCRIPTION | |
| Extent | 209p. |
| 653 ## - INDEX TERM--UNCONTROLLED | |
| Uncontrolled term | Fiction - Childrens Literature |
| 942 ## - ADDED ENTRY ELEMENTS (KOHA) | |
| item type | Books |
| Lost status | Source of classification or shelving scheme | Not for loan | Home library | Current library | Date acquired | Cost, normal purchase price | Total Checkouts | Total Renewals | Full call number | Barcode | Date last seen | Date checked out | Price effective from | Koha item type |
|---|---|---|---|---|---|---|---|---|---|---|---|---|---|---|
| Universal Decimal Classification | University Library | University Library | 25/06/2020 | 250.00 | 13 | 4 | F BON/RB CL | 00090824 | 10/04/2026 | 30/03/2026 | 25/06/2020 | Children Collection |
